LEADER 01123nam a2200253 i 4500 001 991003869449707536 005 20020509133509.0 008 970419s1987 it ||| | ita 020 $a8835077559 035 $ab11226699-39ule_inst 035 $aPARLA190186$9ExL 040 $aIstituto di Filosofia$bita 100 1 $aLaeng, Mauro$033977 245 10$aNuovi lineamenti di didattica :$bguida alle esercitazioni di tirocinio magistrale :$bedizione rinnovata 1986 con il testo commentato dei Nuovi Programmi per la scuola elementare /$cMauro Laeng, Graziella Laeng 260 $aBrescia :$bLa Scuola,$c1987 300 $a420, (4) p. ;$c21 cm. 650 4$aInsegnanti elementari-Istruzione professionale 700 1 $aLaeng, Graziella$eauthor$4http://id.loc.gov/vocabulary/relators/aut$0736783 907 $a.b11226699$b21-09-06$c01-07-02 912 $a991003869449707536 945 $aLE005 Ist.Fil. XL H 13$g1$i2005000279225$lle005$o-$pE0.00$q-$rl$s- $t0$u1$v0$w1$x0$y.i11381425$z01-07-02 996 $aNuovi lineamenti di didattica$91457235 997 $aUNISALENTO 998 $ale005$b01-01-97$cm$da $e-$fita$git $h0$i1